Les 10 villes les plus peuplées de Dordogne (24) - Statistiques

Statistiques générales
  • Ce quiz a été pris 72 fois
  • Le résultat moyen est 4 sur 10
Statistiques - réponses
Population Communes % Correct
29 900 Périgueux
100%
26 900 Bergerac
93%
8 800 Sarlat-la-Canéda
62%
7 300 Trélissac
50%
5 300 Saint-Astier
28%
10 600 Boulazac Isle Manoire
25%
5 800 Montpon-Ménestérol
22%
6 300 Terrasson-Lavilledieu
18%
7 500 Coulounieix-Chamiers
15%
4 700 Notre-Dame-de-Sanilhac
2%
Aucun quiz correspondant
Distribution des résultats
% des personnes avec chaque résultat
Percentile par nombre de réponses
Votre historique - résultats
Vous n’avez pas pris ce quiz